Les paroles anglaises dans Rebel Heart de Ive - Statistiques

Statistiques générales
  • Ce quiz a été pris 9 fois
  • Le résultat moyen est 188 sur 212
Statistiques - réponses
Paroles % Correct
Are
100%
Be
100%
Break
100%
Free
100%
Hate
100%
Hearts
100%
I
100%
In
100%
Love
100%
Me
100%
Never
100%
Our
100%
Rebels
100%
Try
100%
We
100%
Will
100%
You
100%
Can
67%
I'll
67%
So
67%
Always
50%
Do
50%
It
50%
Move
50%
Who
50%
Care
33%
Come
33%
Don't
33%
Join
33%
Na
33%
The
33%
As
17%
One
17%
Aucun quiz correspondant
Distribution des résultats
% des personnes avec chaque résultat
Percentile par nombre de réponses
Votre historique - résultats
Vous n’avez pas pris ce quiz